MARC

LEADER 00000nam0a2200000 4500
001 19074
005 20231030191528.0
035 |a (RuTPU)RU\TPU\book\19232 
035 |a BOOK00000043 
090 |a 19074 
100 |a 20011209d1977 m y0rusy50 ca 
101 0 |a rus 
102 |a RU 
105 |a y z 000zy 
200 1 |a Когда звонят колокола  |f А. В. Белов 
210 |a Москва  |c Советская Россия  |d 1977 
215 |a 333 с. 
610 1 |a религия 
610 1 |a христианство 
610 1 |a христианские праздники 
686 |a Э-37  |v LBC/SL-A  |2 rubbk 
700 1 |a Белов  |b А. В.  |g Анатолий Васильевич 
801 0 |a RU  |b 63413507  |c 20011209  |g PSBO 
801 2 |a RU  |b 63413507  |c 20130521  |g PSBO 
942 |c BK